00686nam a2200181 a 450000100100000000500170001000800410002704000250006810000360009324501140012926000340024350400310027758600280030870000310033604900090036795201110037699900170048700003348020200930070304.0110830s1944 dr 000 0 spa d aDO-SdBNPbspacBNPHU1 aAlvárez P., Eduardo A.95900810aCristóbal Colón :bbiografía del descubridor /cA. Eduardo Alvárez P. ; prólogo Clarence H. Haring. aLa Habana :bCultural,c1944. aBibliografía: p. 483-493 aPremio nacional de Cuba1 aHaring, Clarence H.959009 aBNPD 001054708RVaGRbGRcCTd2011-08-31iLF1l0o p33480-10r2020-06-25w2020-06-25y4ZPréstamo en sala c32971d32971